Faculty of Law Library — Cairo University

Official Online Catalog

The Threat Of Soviet Imperialism / (Record no. 58817)

MARC details
000 -LEADER
fixed length control field 00894nam a2200301 i 4500
003 - CONTROL NUMBER IDENTIFIER
control field EG-GICUC
005 - DATE AND TIME OF LATEST TRANSACTION
control field 20260124013909.0
008 - FIXED-LENGTH DATA ELEMENTS--GENERAL INFORMATION
fixed length control field 260124s1954 uk ||||fr ||| 00| 0 eng d
040 ## - CATALOGING SOURCE
Original cataloging agency EG-GICUC
Transcribing agency EG-GICUC
Modifying agency EG-GICUC
Description conventions rda
Language of cataloging eng
041 0# - LANGUAGE CODE
Language code of text/sound track or separate title eng
082 04 - DEWEY DECIMAL CLASSIFICATION NUMBER
Edition number 21
Classification number 341.69
Item number HA . T
092 04 - LOCALLY ASSIGNED DEWEY CALL NUMBER (OCLC)
Edition number 21
099 ## - LOCAL FREE-TEXT CALL NUMBER (OCLC)
Classification number Law1 11 341.69 HA . T 1954
100 1# - MAIN ENTRY--PERSONAL NAME
Personal name Haines,C.Grove
Relator term Author.
245 12 - TITLE STATEMENT
Title The Threat Of Soviet Imperialism /
Statement of responsibility, etc. C.Grove Haines .
264 #0 - PRODUCTION, PUBLICATION, DISTRIBUTION, MANUFACTURE, AND COPYRIGHT NOTICE
Place of production, publication, distribution, manufacture Britain :
Name of producer, publisher, distributor, manufacturer The Johns Hopkins Press ,
Date of production, publication, distribution, manufacture, or copyright notice 1954 .
300 ## - PHYSICAL DESCRIPTION
Extent 402 Pages;
Dimensions 30 cm.
336 ## - CONTENT TYPE
Content type term text
Source rda content
337 ## - MEDIA TYPE
Media type term Computer
Source rda media
338 ## - CARRIER TYPE
Carrier type term Online Resource
Source rda carrier
546 ## - LANGUAGE NOTE
Language note Text in English
650 04 - SUBJECT ADDED ENTRY--TOPICAL TERM
Topical term or geographic name entry element Public International Law
650 04 - SUBJECT ADDED ENTRY--TOPICAL TERM
Topical term or geographic name entry element War Crimes
651 1# - SUBJECT ADDED ENTRY--GEOGRAPHIC NAME
Source of heading or term qrmak
856 ## - ELECTRONIC LOCATION AND ACCESS
Uniform Resource Identifier <a href="https://fll.law.cu.edu.eg/fulltext/th/B11-07020.pdf">https://fll.law.cu.edu.eg/fulltext/th/B11-07020.pdf</a>
905 ## - Cataloger and Reviser Names
Cataloger Name: Logain Ashraf
942 ## - ADDED ENTRY ELEMENTS (KOHA)
Source of classification or shelving scheme Dewey Decimal Classification
Koha item type Books
Edition 21
Suppress in OPAC No
Holdings
Withdrawn status Lost status Source of classification or shelving scheme Damaged status Not for loan Collection Home library Current library Date acquired Total checkouts Full call number Barcode Date last seen Copy number Price effective from Koha item type
    Dewey Decimal Classification   Not for loan القانون الدولي العام جــــامعة القــاهرة مكتبة كلية الحقوق - المبنى الرئيسي 24.01.2026   Law1 11 341.69 HA . T 1954 1107020 C1 B11-07020 24.01.2026 1 24.01.2026 Books

© All rights reserved — Faculty of Law, Cairo University